Người mường ở Việt Nam The Muong in Vietnam

Giới thiệu về nguồn gốc dân cư, làng xóm và phong tục truyền thống, nhà ở, bếp, trang phục, nguồn sống, tín ngưỡng và lễ hội của người Mường ở Việt Nam

محفوظ في:
التفاصيل البيبلوغرافية
المؤلف الرئيسي: Vũ, Khánh
التنسيق: كتاب
اللغة:Undetermined
منشور في: H. Thông Tấn 2008
الموضوعات:
الوصول للمادة أونلاين:http://lrc.tdmu.edu.vn/opac/search/detail.asp?aID=2&ID=7166
الوسوم: إضافة وسم
لا توجد وسوم, كن أول من يضع وسما على هذه التسجيلة!
Thư viện lưu trữ: Trung tâm Học liệu Trường Đại học Thủ Dầu Một
LEADER 00941nam a2200217Ia 4500
001 TDMU_7166
008 210410s9999 xx 000 0 und d
082 |a 305.895 92 
090 |b V500 
100 |a Vũ, Khánh 
245 0 |a Người mường ở Việt Nam 
245 4 |b The Muong in Vietnam 
245 0 |c Vũ Khánh 
260 |a H. 
260 |b Thông Tấn 
260 |c 2008 
300 |a 137tr 
520 |a Giới thiệu về nguồn gốc dân cư, làng xóm và phong tục truyền thống, nhà ở, bếp, trang phục, nguồn sống, tín ngưỡng và lễ hội của người Mường ở Việt Nam 
650 |a Dân tộc học; Dân tộc Mường; Việt Nam; Phong tục; Tập quán 
856 |u http://lrc.tdmu.edu.vn/opac/search/detail.asp?aID=2&ID=7166 
980 |a Trung tâm Học liệu Trường Đại học Thủ Dầu Một